Việc phụng thờ một nữ nhân vật lịch sử ở xứ Thanh /

Đã lưu trong:
Sonraí Bibleagrafaíochta
Príomhúdar: Hà Đình Hùng.
Formáid: Bài viết
Teanga:Vietnamese
Ábhair:
Clibeanna: Cuir Clib Leis
Gan Chlibeanna, Bí ar an gcéad duine leis an taifead seo a chlibeáil!
Thư viện lưu trữ: Thư viện Trường Đại học Đà Lạt
LEADER 00778nam a2200265 4500
001 DLU180184048
005 ##20180320
040 # # |a DLU  |b vie 
041 # # |a vie 
044 # # |a vn 
100 # # |a Hà Đình Hùng. 
245 # # |a Việc phụng thờ một nữ nhân vật lịch sử ở xứ Thanh /  |c Hà Đình Hùng. 
653 # # |a Nhân vật lịch sử 
653 # # |a Thờ phụng 
653 # # |a Xứ Thanh 
773 # # |t Tạp chí Văn hoá nghệ thuật  |g Số 389, 2016, tr. 80-81 
920 # # |a Phòng Tạp chí -- Trung tâm Thông tin - Thư viện Trường Đại học Đà Lạt 
994 # # |a DLU 
900 # # |a True 
911 # # |a Trần Thị Minh Hương 
925 # # |a G 
926 # # |a A 
927 # # |a BB 
980 # # |a Thư viện Trường Đại học Đà Lạt